000 00612nam a2200241Ia 4500
005 20260430150349.0
008 008 250103s9999 xx 000 0 eng d
037 _aTheses
040 _aCRL
040 _beng
040 _ceng
041 _2eng
041 _aeng
084 _qCRL
100 _aNanda Gaurav Au.; Gupta Kiran Gu.
_91237269
245 0 _aLegal Provisions for the Protection of Whistleblowers- A Critical Study
260 _c2023
300 _a366p.
650 _aLaw
700 _aUniversity of Delhi. Faculty of Arts. Deptt. of Law
942 _cTH
999 _c1849608
_d1849608